| 000 | 00602nam a2200217Ia 4500 | ||
|---|---|---|---|
| 003 | OSt | ||
| 005 | 20221007072217.0 | ||
| 006 | a|||||r|||| 00| 0 | ||
| 007 | ta | ||
| 008 | 221006b |||||||| |||| 00| 0 eng d | ||
| 024 | _a46,201 | ||
| 037 | _cTextual | ||
| 040 |
_aFLL _cFLL _beng |
||
| 041 |
_2eng _aeng |
||
| 100 |
_aHAMMERSLEY Martyn Au. _9690278 |
||
| 245 | 0 |
_aLimits of social science _b casual explanation and value relevance |
|
| 260 |
_aLondon _bSAGE Publication UK _c2014 |
||
| 300 |
_a178p. _ccm. |
||
| 942 |
_cTEXL _2CC |
||
| 999 |
_c1145454 _d1145454 |
||